Career counseling : foundations,perspectives and applications
| Main Author: | |
|---|---|
| Other Authors: | |
| Format: | Book |
| Published: |
Boston :
Pearson Education, Inc ,
2006
|
| Subjects: |
MARC
| LEADER | 00000cam a2200000 7i4500 | ||
|---|---|---|---|
| 001 | 0000101175 | ||
| 005 | 20061012.0 | ||
| 020 | |a 0205431089 | ||
| 090 | 0 | 0 | |a 331.702 |b CAP |
| 100 | 1 | |a Capuzzi, David | |
| 245 | 1 | 0 | |a Career counseling : |b foundations,perspectives and applications |c David Capuzzi, Mark D. Stauffer |
| 260 | |a Boston : |b Pearson Education, Inc , |c 2006 | ||
| 300 | |a 510p. ; |c 25cm. | ||
| 650 | 0 | 0 | |a Vocational guidance |
| 700 | 1 | |a Stauffer, Maek D. | |
| 999 | |a 00196835 |b BUKU |c RUJUKAN |e PERPUSTAKAAN KOMUNITI PETALING JAYA | ||